An analysis of Richard J. Evans's : (Record no. 29345)

MARC details
000 -LEADER
fixed length control field 01115nam a22003495i 4500
001 - CONTROL NUMBER
control field 018422161
003 - CONTROL NUMBER IDENTIFIER
control field EG-ScBUE
005 - DATE AND TIME OF LATEST TRANSACTION
control field 20210809101830.0
008 - FIXED-LENGTH DATA ELEMENTS--GENERAL INFORMATION
fixed length control field 170710s2017 enk f b 000 0 eng d
020 ## - INTERNATIONAL STANDARD BOOK NUMBER
International Standard Book Number 9781912128778
040 ## - CATALOGING SOURCE
Original cataloging agency Uk
Language of cataloging eng
Description conventions rda
Transcribing agency Uk
Modifying agency EG-ScBUE
082 04 - DEWEY DECIMAL CLASSIFICATION NUMBER
Classification number 907.2
Item number PIE
Edition number 22
100 1# - MAIN ENTRY--PERSONAL NAME
Personal name Piercey, Nicholas,
Relator term author.
245 13 - TITLE STATEMENT
Title An analysis of Richard J. Evans's :
Remainder of title in defence of history /
Statement of responsibility, etc Nicholas Piercey, Tom Stammers.
264 #1 - PUBLICATION, DISTRIBUTION, ETC. (IMPRINT)
Place of publication, distribution, etc London :
Name of publisher, distributor, etc Routledge :
-- Macat International Ltd,
Date of publication, distribution, etc 2017.
300 ## - PHYSICAL DESCRIPTION
Extent 108 pages ;
Dimensions 18 cm.
336 ## - CONTENT TYPE
Content type term text
Source rdacontent
Content type code txt
337 ## - MEDIA TYPE
Media type term computer
Source rdamedia
Media type code n
338 ## - CARRIER TYPE
Carrier type term online resource
Source rdacarrier
Carrier type code nc
490 0# - SERIES STATEMENT
Series statement Macat library
504 ## - BIBLIOGRAPHY, ETC. NOTE
Bibliography, etc Includes bibliographical references.
650 #7 - SUBJECT ADDED ENTRY--TOPICAL TERM
Topical term or geographic name as entry element History
General subdivision Methodology.
Source of heading or term BUEsh
650 #7 - SUBJECT ADDED ENTRY--TOPICAL TERM
Topical term or geographic name as entry element History
General subdivision Research.
Source of heading or term BUEsh
653 ## - INDEX TERM--UNCONTROLLED
Resource For college Generalities
Arrived date list August2021
655 ## - INDEX TERM--GENRE/FORM
Form subdivision Reading book
9 (RLIN) 34232
700 1# - ADDED ENTRY--PERSONAL NAME
Personal name Stammers, Tom,
Relator term author.
903 ## - LOCAL DATA ELEMENT C, LDC (RLIN)
a ELD.DS.155743
942 ## - ADDED ENTRY ELEMENTS (KOHA)
Source of classification or shelving scheme Dewey Decimal Classification
Koha item type Book - Borrowing
Holdings
Withdrawn status Lost status Source of classification or shelving scheme Damaged status Not for loan Collection code Home library Current library Shelving location Date acquired Source of acquisition Cost, normal purchase price Serial Enumeration / chronology Total Checkouts Full call number Barcode Date last seen Cost, replacement price Price effective from Koha item type
    Dewey Decimal Classification     Academic Bookshop Central Library Central Library Second Floor 09/08/2021 Purchase 75.00 31174   907.2 PIE 000050506 15/07/2025 93.75 09/08/2021 Book - Borrowing